Condiciones hidrogeológicas de los campos de la "S. A. Estancias y colonias Trenel" territorio nacional de la Pampa, (Record no. 26878)

MARC details
000 -LEADER
fixed length control field 01071cam a22002411 4500
001 - CONTROL NUMBER
control field gs 31000147
003 - CONTROL NUMBER IDENTIFIER
control field DLC
005 - DATE AND TIME OF LATEST TRANSACTION
control field 20260227111335.0
008 - FIXED-LENGTH DATA ELEMENTS--GENERAL INFORMATION
fixed length control field 911113s1930 ag aef 000 0 spa c
010 ## - LIBRARY OF CONGRESS CONTROL NUMBER
LC control number gs 31000147
035 ## - SYSTEM CONTROL NUMBER
System control number (OCoLC)24771580
040 ## - CATALOGING SOURCE
Original cataloging agency Library, U. S. Geological Survey
Transcribing agency TxU
Modifying agency TxU
-- DLC
042 ## - AUTHENTICATION CODE
Authentication code premarc
050 10 - LIBRARY OF CONGRESS CALL NUMBER
Classification number QE231
Item number .A35 no. 91
100 1# - MAIN ENTRY--PERSONAL NAME
Personal name Tapia, Augusto.
245 10 - TITLE STATEMENT
Title Condiciones hidrogeológicas de los campos de la "S. A. Estancias y colonias Trenel" territorio nacional de la Pampa,
Statement of responsibility, etc. por Augusto Tapia.
260 ## - PUBLICATION, DISTRIBUTION, ETC.
Place of publication, distribution, etc. Buenos Aires,
Name of publisher, distributor, etc. Talleres gráficos del Ministerio de agricultura de la nación,
Date of publication, distribution, etc. 1930.
300 ## - PHYSICAL DESCRIPTION
Extent 27 p. incl. tables.
Other physical details IV fold. pl. (3 plans, profile)
Dimensions 27 cm.
490 1# - SERIES STATEMENT
Series statement [Argentine republic] Dirección general de minas, geología e hidrología. Publicación
Volume/sequential designation no. 91
500 ## - GENERAL NOTE
General note At head of title: República argentina. Ministerio de agricultura de la nación.
650 #0 - SUBJECT ADDED ENTRY--TOPICAL TERM
Topical term or geographic name entry element Water-supply
Geographic subdivision Argentina.
810 1# - SERIES ADDED ENTRY--CORPORATE NAME
Corporate name or jurisdiction name as entry element Argentina.
Subordinate unit Dirección General de Minas y Geología.
Title of a work Publicación ;
Volume/sequential designation no. 91.

No items available.

Powered by Koha